Otevřené bankovnictví přináší nové obchodní příležitosti. Jaké?

Koncept otvoreného bankovníctva zahrňuje širokú škálu služieb a zároveň otvoril svet finančných informácií novým hráčom. Dôležitou oporou systému je využitie nových povolení a licencií, ktoré mnohým spoločnostiam výrazne zvyšujú množstvo dostupných údajov pre ďalšie spracovanie. Takto získané údaje...

Descrizione completa

Salvato in:
Dettagli Bibliografici
Autore principale: Kuneš, Petr
Natura: Capitolo di libro
Lingua:ceco
Soggetti:
Tags: Aggiungi Tag
Nessun Tag, puoi essere il primo ad aggiungerne!!

MARC

LEADER 00000naa a2200000 4500
001 0291371
005 20240417075229.2
041 0 |a cze 
044 |a CZ 
245 1 0 |a Otevřené bankovnictví přináší nové obchodní příležitosti. Jaké?  |c Petr Kuneš 
520 |a Koncept otvoreného bankovníctva zahrňuje širokú škálu služieb a zároveň otvoril svet finančných informácií novým hráčom. Dôležitou oporou systému je využitie nových povolení a licencií, ktoré mnohým spoločnostiam výrazne zvyšujú množstvo dostupných údajov pre ďalšie spracovanie. Takto získané údaje spolu s efektívnymi nástrojmi pre ich využitie prinášajú poskytovateľom finančných a ďalších služieb nové obchodné príležitosti. 
610 2 0 |a bankovníctvo 
610 2 0 |a služby finančné 
610 2 0 |a informácie 
610 2 0 |a konkurencieschopnosť 
610 2 0 |a klienti 
610 2 0 |a Česko 
100 1 |a Kuneš, Petr